Laboratori de Leonardo : Leonardo a Barcelona [catàleg de l'exposició] / IBM, BCD Leonardo a Barcelona [catàleg de l'exposició] / IBM, BCD
Publicado:
Barcelona :
Ajuntament de Barcelona : Diputació de Barcelona : Caixa de Barcelona. Obra Social ,
1984
Descripción Física:
175 p. : principalment il., col. ; 34 cm
Materias:
Leonardo, da Vinci -- Exposicions
MARC
| LEADER | 00000nam a2200000Ia 4500 | ||
|---|---|---|---|
| 001 | 1633 | ||
| 008 | 160829s1984 xx 000 0 cat d | ||
| 080 | |a C-1-51 | ||
| 100 | |a Leonardo, da Vinci, |d 1452-1519 |9 34836 | ||
| 245 | |a Laboratori de Leonardo : |b Leonardo a Barcelona [catàleg de l'exposició] / IBM, BCD | ||
| 260 | |a Barcelona : |b Ajuntament de Barcelona : |b Diputació de Barcelona : |b Caixa de Barcelona. Obra Social, |c 1984 | ||
| 300 | |a 175 p. : |b principalment il., col. ; |c 34 cm | ||
| 650 | |a Leonardo, da Vinci |x Exposicions |9 34837 | ||
| 710 | 1 | |a Barcelona (Catalunya). |b Ajuntament |9 50981 | |
| 710 | 1 | |a Barcelona (Catalunya : Província). |b Diputació |9 52408 | |
| 710 | 2 | |a Caixa de Barcelona. |b Obra Social |9 54856 | |
| 901 | |a Arxiu | ||
| 942 | |n 1 | ||
| 952 | |0 0 |1 0 |4 0 |6 C151 |7 1 |9 46658 |a Arxiu |b Arxiu |d 2016-12-01 |l 0 |o C-1-51 |p 1633 |r 2016-12-01 00:00:00 |w 2016-12-01 |y ARXIU | ||
| 999 | |c 50451 |d 50451 | ||